000 00648cam a2200217 a 4500
001 000007462
005 20200929154158.0
008 780426s1971 ve 001 e spa
040 _aDO-SdBNP
_cDLC
_dDLC
082 _aV864.44
_bU86v
100 1 _aUslar Pietri, Arturo,
_d1906-2001.
_912623
245 1 0 _aVista desde un punto :
_bensayos /
_cArturo Uslar Pietri.
260 _aCaracas :
_bMonte Ávila,
_cc1971.
300 _a347 p. ;
_c20 cm.
490 1 _aPrisma
650 4 _aEnsayos venezolanos
_94376
650 4 _aLiteratura venezolana
_ySIGLO XX
_99777
830 0 _aPrisma.
_93770
910 _aCatalogación por copia / LC
049 _aBNGR
999 _c7243
_d7243